| 000 | 01132cam a22002771i 4500 | ||
|---|---|---|---|
| 003 | SA-RiAUC | ||
| 005 | 20250519093738.0 | ||
| 008 | 250516s2000 le g 000 0 ara c | ||
| 020 | _a2745130404 | ||
| 040 |
_aSA-JeALM _bara _cSA-RiAUC _erda |
||
| 082 | 0 | 4 |
_a240 _qSA-RiAUC |
| 090 |
_a240 _bص د ي |
||
| 100 | 1 |
_aصديق حسن خان، محمد صديق بن حسن بن علي، _d1248-1307 هجري _eمؤلف. |
|
| 245 | 1 | 0 |
_aقطف الثمر في بيان عقيدة أهل الأثر / _cمحمد صديق بن حسن خان القنوجي البخاري ؛ تحقيق محمد أمين الضناوي. |
| 264 | 1 |
_aبيروت : _bدار الكتب العلمية، _c2000 |
|
| 300 |
_a144 صفحة؛ _c24 سم. |
||
| 336 |
_aنص _btxt _2rdacontent _3كتاب |
||
| 337 |
_aبدون وسيط _bn _2rdamedia |
||
| 338 |
_aمجلد _bnc _2rdacarrier |
||
| 650 | 7 |
_aعلم الكلام _2aucsh |
|
| 650 | 7 |
_aالله (إسلام) _2aucsh |
|
| 650 | 7 |
_aالإيمان (إسلام) _2aucsh |
|
| 700 | 1 |
_aالضناوي، محمد أمين _eمحقق. |
|
| 942 |
_2ddc _cBOOK _n0 |
||
| 949 |
_aSA-JeALM _d250516 _umohamedma123 _n1 |
||
| 999 |
_c8095 _d8095 |
||